There's a new day coming! : (Record no. 4876)

MARC details
000 -LEADER
fixed length control field 00759nam a2200253 a 4500
001 - CONTROL NUMBER
control field 2825877
003 - CONTROL NUMBER IDENTIFIER
control field GBCCL
005 - DATE AND TIME OF LATEST TRANSACTION
control field 20241126110528.0
008 - FIXED-LENGTH DATA ELEMENTS--GENERAL INFORMATION
fixed length control field 831103s1983 oru 001 0 eng
010 ## -
-- 83081267
020 ## - INTERNATIONAL STANDARD BOOK NUMBER
International Standard Book Number 0890813892 (pbk.)
040 ## - CATALOGING SOURCE
Original cataloging agency DLC
Transcribing agency DLC
Modifying agency DLC
050 00 -
-- BS647.2
-- .V36 1983
082 00 - DEWEY DECIMAL CLASSIFICATION NUMBER
Classification number 236
Edition information 19
Item number VAN
100 2# - MAIN ENTRY--PERSONAL NAME
Personal name Vander Lugt, Herbert.
9 (RLIN) 8876
245 10 - TITLE STATEMENT
Title There's a new day coming! :
Remainder of title a survey of endtime events /
Statement of responsibility, etc. Herbert Vander Lugt.
260 ## - PUBLICATION, DISTRIBUTION, ETC.
Place of publication, distribution, etc. Eugene, Or. :
Name of publisher, distributor, etc. Harvest House Publishers,
Date of publication, distribution, etc. c1983.
300 ## - PHYSICAL DESCRIPTION
Extent 160 p. ;
Dimensions 21 cm.
500 ## - GENERAL NOTE
General note Includes index.
630 00 - SUBJECT ADDED ENTRY--UNIFORM TITLE
Uniform title Bible
General subdivision Prophecies.
9 (RLIN) 457
650 #0 - SUBJECT ADDED ENTRY--TOPICAL TERM
Topical term or geographic name entry element Eschatology.
9 (RLIN) 2009
906 ## - LOCAL DATA ELEMENT F, LDF (RLIN)
a 7
b cbc
c orignew
d 2
e opcn
f 19
g y-gencatlg
942 ## - ADDED ENTRY ELEMENTS (KOHA)
Source of classification or shelving scheme Dewey Decimal Classification
Koha item type Books
Koha issues (borrowed), all copies 1
Holdings
Withdrawn status Lost status Source of classification or shelving scheme Damaged status Not for loan Home library Current Library Shelving location Date acquired Total checkouts Total renewals Full call number Barcode Date last seen Date last checked out Copy number Price effective from Koha item type
    Dewey Decimal Classification     GRACE BIBLE COLLEGE GRACE BIBLE COLLEGE Theology 2018-02-12 1 1 236 VAN 002341 2025-05-01 2022-09-01 c.1 2018-02-12 Books
© Grace Bible College Library 2025